USA: States & Cities 7-to-1 Quiz Stats

 Plays Quiz Updated Nov 29, 2017

Score 0/28 Timer 06:00
59 Plays Today
% Correct
Rhode Island
97.2%
Delaware
96.1%
Vermont
95.3%
New Hampshire
94.8%
Connecticut
94.8%
Alaska
94.7%
New Jersey
94.4%
Texas
93.2%
California
91.7%
Massachusetts
91.1%
New Mexico
82.8%
Montana
81.9%
Chicago
80.8%
Arizona
77.8%
% Correct
Phoenix
75.8%
Boise
71.2%
Wichita
68.2%
Lansing
67%
Oregon
66.1%
Oklahoma
64.8%
Salem
62.8%
Trenton
62.1%
Bismarck
61.5%
Wilmington
59.2%
North Dakota
58.8%
Columbus
58.5%
Charleston
55%
Cheyenne
52.3%

You're not logged in!

Compare scores with friends on all Sporcle quizzes.
OR
Log In

Show Comments

Extras

Top Quizzes Today


Score Distribution

Your Account Isn't Verified!

In order to create a playlist on Sporcle, you need to verify the email address you used during registration. Go to your Sporcle Settings to finish the process.

Report this User

Report this user for behavior that violates our Community Guidelines.

Details: